Statistics for Methods of Suicide (by Famous Examples)

Click here to take the quiz!

General Stats

  • This quiz has been taken 1,401 times
  • The average score is 7 of 12

Answer Stats

Famous ExamplesSuicide Method% Correct
Hemingway, Hitler, Van Gogh, Hunter S. Thompsongunshot
94%
Marilyn Monroe, Diana Churchill, Nick Drake, Margot Kidderdrug overdose
90%
Anthony Bourdain, Aaron Hernandez, David Foster Wallace, Robin Williamshanging/strangulation
90%
Alan Turing, Marshall Applewhite, Boudica, Eva Braun, Hannibal, Socratespoison
74%
Evelyn McHale, Edwin Armstrong, Yang Yang, Stephanie Adamsjumping
69%
Virginia Woolf, George Washington Adams, Spalding Gray, Albert Aylerdrowning
66%
Avicii, Mark Rothko, Diane Arbuscutting
56%
Thich Quang Duc, Mohamed Bouaziziself-immolation
40%
Minamoto no Yorimasa, Yukio Mishima, Seigō Nakano, Oda Nobunagaseppuku disembowelment
32%
Eratosthenes, Himilco, Kurt Gödelstarvation
28%
Nikki Bacharach, R. B. Kitaj, Jerzy Kosinskiasphyxiation/suffocation
25%
Araki Yukio, Ogawa Kiyoshi, Ugaki Matomekamikaze
15%

Score Distribution

Percentile by Number Answered

Percent of People with Each Score

Your Score History

You have not taken this quiz